[Event "Dutch Open 2014"]
[Site "Dieren NED"]
[Date "2014.07.26"]
[Round "5.23"]
[White "Bus, Tom"]
[Black "Markus, John Raymond"]
[Result "1/2-1/2"]
[WhiteElo "2108"]
[BlackElo "2143"]
[WhiteFideId "1014374"]
[BlackFideId "1001213"]
[EventDate "2014.07.22"]

1. c4 e5 2. g3 Nc6 3. Nc3 g6 4. Bg2 Bg7 5. e4 Nge7 6. Nge2 d6 7. O-O O-O 8. d3
Be6 9. Nd5 f5 10. Be3 Qd7 11. Qd2 Rf7 12. f3 Raf8 13. Rae1 Nc8 14. b3 N6e7 15.
Kh1 c5 16. Bg5 Nc6 17. a3 fxe4 18. dxe4 Nd4 19. Nxd4 cxd4 20. a4 Bh3 21. Rc1 b6
22. Qb4 h6 23. Bd2 Bxg2+ 24. Kxg2 Ne7 25. a5 Nc6 26. Qa3 bxa5 27. Bxa5 h5 28.
Bd2 a5 29. Rb1 Qe6 30. Qa4 Rc8 31. Qb5 d3 32. Be3 g5 33. h3 d2 34. Rbd1 g4 35.
hxg4 hxg4 36. f4 Nd4 37. Bxd4 exd4 38. e5 dxe5 39. Rxd2 exf4 40. Rxf4 Rxf4 41.
Nxf4 Qe4+ 42. Kh2 Rf8 43. Qd5+ Qxd5 44. cxd5 Rb8 45. Ne6 Rxb3 46. d6 Be5 47. d7
Bxg3+ 48. Kg2 Bh4 49. Rxd4 Rb2+ 1/2-1/2

[Event "Dutch Open 2014"]
[Site "Dieren NED"]
[Date "2014.07.26"]
[Round "5.24"]
[White "Den Hartog, Marijn"]
[Black "Van Foreest, Lucas"]
[Result "1/2-1/2"]
[WhiteElo "2006"]
[BlackElo "2192"]
[WhiteFideId "1046098"]
[BlackFideId "1039792"]
[EventDate "2014.07.22"]

1. e4 e5 2. Nf3 Nc6 3. Bb5 a6 4. Ba4 Nf6 5. O-O Be7 6. d3 b5 7. Bb3 O-O 8. c3 d6
9. Re1 Na5 10. Bc2 c5 11. Nbd2 Re8 12. Nf1 Nc6 13. Ne3 Bf8 14. h3 h6 15. Nh2 Be6
16. Nhg4 Be7 17. Qf3 Nxg4 18. hxg4 Bg5 19. Nf5 Bxc1 20. Raxc1 Qd7 21. Bb1 Rab8
22. Re3 f6 23. a3 b4 24. axb4 cxb4 25. d4 exd4 26. cxd4 Bxf5 27. exf5 Rxe3 28.
Qd5+ Qf7 29. Qxf7+ Kxf7 30. fxe3 Ne7 31. Kf2 Rc8 32. Rxc8 Nxc8 33. Ba2+ Ke7 34.
e4 Kd7 35. Ke3 Nb6 36. Kd3 Kc6 37. Bf7 Kd7 38. Bc4 a5 39. Bb5+ Ke7 40. b3 Kf7
41. Bc4+ Kf8 42. Bb5 Kg8 43. Bc4+ Kh7 44. Bf7 Kh8 45. Be8 Kg8 46. Bb5 h5 47.
gxh5 Kh7 48. e5 dxe5 49. dxe5 fxe5 50. Ke4 Kh6 51. g4 Kg5 52. Kxe5 a4 53. bxa4
b3 54. a5 b2 55. Bd3 Nc4+ 56. Kd4 Nxa5 57. Kc3 Nc6 58. Kxb2 Kxg4 1/2-1/2

[Event "Dutch Open 2014"]
[Site "Dieren NED"]
[Date "2014.07.26"]
[Round "5.25"]
[White "Stolwijk, Colin"]
[Black "Sparenberg, Erik"]
[Result "1-0"]
[WhiteElo "2075"]
[BlackElo "2119"]
[WhiteFideId "1033743"]
[BlackFideId "1013262"]
[EventDate "2014.07.22"]

1. e4 c5 2. Nf3 d6 3. Bb5+ Bd7 4. Bxd7+ Qxd7 5. c4 Nc6 6. d4 cxd4 7. Nxd4 Nf6 8.
Nc3 g6 9. f3 Bg7 10. Be3 O-O 11. O-O Rac8 12. b3 a6 13. a4 e6 14. Qd2 d5 15.
Nxc6 bxc6 16. Rad1 Qc7 17. a5 dxe4 18. Bb6 Qe5 19. Nxe4 Nxe4 20. fxe4 c5 21. Qd7
Qxe4 22. Kh1 Bd4 23. b4 Qe2 24. Rc1 e5 25. bxc5 Qe4 26. Qd5 Qe3 27. Rce1 Qb3 28.
Rb1 Qa4 29. Rf6 Qe8 30. c6 Qe7 31. Rd6 Qh4 32. c7 Qg4 33. Rf1 Qe2 34. Rdf6 Kh8
35. h3 Rg8 36. Rxf7 Qd3 37. Qd6 Rg7 38. Rf8+ 1-0

[Event "Dutch Open 2014"]
[Site "Dieren NED"]
[Date "2014.07.26"]
[Round "5.26"]
[White "Op Den Dries, Johan"]
[Black "Dijkhuis, Sven"]
[Result "0-1"]
[WhiteElo "2098"]
[BlackElo "1988"]
[WhiteFideId "1021257"]
[BlackFideId "1036556"]
[EventDate "2014.07.22"]

1. e4 c5 2. Nc3 Nc6 3. f4 g6 4. Nf3 Bg7 5. Bb5 Nd4 6. O-O Nxb5 7. Nxb5 d5 8. d3
a6 9. Nc3 d4 10. Ne2 Bg4 11. Ng3 e6 12. f5 Qc7 13. Qe1 Bxf3 14. Rxf3 e5 15. Qf2
f6 16. h4 Ne7 17. h5 gxf5 18. h6 Bf8 19. Nxf5 Nxf5 20. Rxf5 Be7 21. Qf3 O-O-O
22. Bd2 Rhg8 23. Rf1 Rg6 24. Qh3 Kb8 25. R1f2 Rdg8 26. Rh5 Qc8 27. Kh2 Qxh3+ 28.
Rxh3 Kc7 29. g3 Kd6 30. Kg2 Ke6 31. Rf5 b5 32. b3 c4 33. dxc4 bxc4 34. Rf3 c3
35. Bxc3 dxc3 36. Rxc3 Rd8 37. Rc6+ Rd6 38. Rc8 Bd8 39. a4 Kd7 40. Rc4 Rd2+ 41.
Kf3 Bb6 42. g4 Rf2+ 43. Kg3 Rf4 44. Kh2 Rfxg4 45. Rd3+ Bd4 46. c3 Rh4+ 47. Rh3
Bg1+ 0-1

[Event "Dutch Open 2014"]
[Site "Dieren NED"]
[Date "2014.07.26"]
[Round "5.27"]
[White "Evengroen, Henk-Jan"]
[Black "Schoppen, Casper"]
[Result "1/2-1/2"]
[WhiteElo "2095"]
[BlackElo "1938"]
[WhiteFideId "1019252"]
[BlackFideId "1046730"]
[EventDate "2014.07.22"]

1. d4 Nf6 2. c4 e6 3. Nc3 Bb4 4. e3 O-O 5. Bd3 d5 6. Nf3 c5 7. O-O Nc6 8. a3
Bxc3 9. bxc3 dxc4 10. Bxc4 Qc7 11. a4 b6 12. Ba3 e5 13. Qc2 Bb7 14. dxc5 Na5 15.
c6 Bxc6 16. Bxf8 Nxc4 17. Ba3 Bb7 18. Rfd1 Qc6 19. Qf5 g6 20. Qg5 Kg7 21. Nxe5
Nxe5 22. Rd6 Nf3+ 23. gxf3 Qxf3 24. Qxf6+ Qxf6 25. Rxf6 Kxf6 26. a5 Bf3 27. h3
Ke6 28. Kh2 Kd5 29. Kg3 Be2 30. Bb4 b5 31. f3 Kc4 32. h4 Rd8 33. Kf4 Rd5 34. Kg3
Rf5 35. f4 Rd5 36. Re1 Rd2 37. e4 Kd3 38. f5 Kxe4 39. fxg6 hxg6 40. c4 Rb2 41.
cxb5 1/2-1/2

[Event "Dutch Open 2014"]
[Site "Dieren NED"]
[Date "2014.07.26"]
[Round "5.28"]
[White "Heemskerk, Wim"]
[Black "Gouw, Carol-Peter"]
[Result "1/2-1/2"]
[WhiteTitle "FM"]
[WhiteElo "2247"]
[BlackElo "2110"]
[WhiteFideId "1001000"]
[BlackFideId "1007629"]
[EventDate "2014.07.22"]

1. d4 d6 2. g3 Nf6 3. Nf3 Bg4 4. Bg2 c6 5. c4 e6 6. Nc3 d5 7. Ne5 Bh5 8. Qb3 Qc8
9. O-O Nbd7 10. Bf4 Be7 11. cxd5 Nxe5 12. d6 Ng6 13. dxe7 Nxf4 14. gxf4 Qc7 15.
e3 Qxe7 16. Qc4 O-O 17. b4 Rfc8 18. Qc5 Qxc5 19. bxc5 b5 20. cxb6 1/2-1/2

[Event "Dutch Open 2014"]
[Site "Dieren NED"]
[Date "2014.07.26"]
[Round "5.29"]
[White "Boersma, Jan"]
[Black "Kathstede, Gerd"]
[Result "1-0"]
[WhiteElo "2101"]
[BlackElo "2082"]
[WhiteFideId "1003267"]
[BlackFideId "4662199"]
[EventDate "2014.07.22"]

1. e4 c5 2. f4 g6 3. Nf3 Nc6 4. Bb5 Nd4 5. Nxd4 cxd4 6. O-O Bg7 7. d3 e6 8. Nd2
Ne7 9. Nf3 O-O 10. Qe1 d6 11. Ba4 Bd7 12. Bb3 Rc8 13. Bd2 Bc6 14. Qh4 d5 15.
Rae1 Bd7 16. Bb4 Re8 17. Bxe7 Rxe7 18. exd5 Re8 19. dxe6 Bxe6 20. Qxd8 Rexd8 21.
Rxe6 fxe6 22. Bxe6+ Kf8 23. Bxc8 Rxc8 24. Rf2 Ke7 25. Re2+ Kd6 26. g3 b5 27. Ng5
h6 28. Nf3 a5 29. Nh4 b4 30. Nxg6 a4 31. Nh4 Kd5 32. Nf5 Bf8 33. Re5+ Kc6 34.
Kg2 Kb6 35. Re2 Kc5 36. Kf3 Kd5 37. g4 a3 38. b3 Rc7 39. Re5+ Kc6 40. Nxd4+ Kd7
41. Ne6 1-0

[Event "Dutch Open 2014"]
[Site "Dieren NED"]
[Date "2014.07.28"]
[Round "6.1"]
[White "Ikonnikov, Vyacheslav"]
[Black "L'Ami, Erwin"]
[Result "1/2-1/2"]
[WhiteTitle "GM"]
[BlackTitle "GM"]
[WhiteElo "2556"]
[BlackElo "2650"]
[WhiteFideId "4100972"]
[BlackFideId "1007998"]
[EventDate "2014.07.22"]

1. d4 Nf6 2. Nf3 b6 3. c4 Bb7 4. g3 e6 5. Bg2 Be7 6. O-O O-O 7. Nc3 Ne4 8. Bd2
Bf6 9. Rc1 d6 10. d5 Nxd2 11. Nxd2 Kh8 12. dxe6 Bxg2 13. e7 Qxe7 14. Kxg2 Bxc3
15. Rxc3 Nd7 16. Re3 Qf6 17. Qc2 Rae8 18. Rxe8 Rxe8 19. Nf3 a5 20. Rd1 Nc5 21.
Rd4 Kg8 22. b3 Qg6 23. Qxg6 hxg6 24. Kf1 f6 25. h4 Rb8 26. Ke1 Kf7 27. Kd1 b5
28. cxb5 Rxb5 29. Rc4 Rb4 30. Rc3 Ke7 31. Nd2 Kd7 32. a3 Rb5 33. Kc2 Ne6 34. Rc4
f5 35. Ra4 Nc5 36. Rd4 c6 37. a4 Rb8 38. Nc4 d5 39. Nxa5 Kc7 40. f3 Re8 41. Kd2
Kb6 42. b4 Nxa4 43. Nb3 Nb2 44. Nc5 Kb5 45. e4 Nc4+ 46. Kc3 fxe4 47. fxe4 Nb6
48. Kd2 Nc4+ 1/2-1/2

[Event "Dutch Open 2014"]
[Site "Dieren NED"]
[Date "2014.07.28"]
[Round "6.2"]
[White "Hausrath, Daniel"]
[Black "Sengupta, Deep"]
[Result "0-1"]
[WhiteTitle "GM"]
[BlackTitle "GM"]
[WhiteElo "2526"]
[BlackElo "2533"]
[WhiteFideId "4617495"]
[BlackFideId "5008352"]
[EventDate "2014.07.22"]

1. Nf3 c5 2. c4 Nc6 3. g3 g6 4. Bg2 Bg7 5. O-O e5 6. Nc3 d6 7. a3 Nge7 8. Rb1 a5
9. d3 O-O 10. Bd2 Rb8 11. Ne1 Be6 12. Nc2 d5 13. cxd5 Nxd5 14. Nxd5 Bxd5 15. b4
Bxg2 16. Kxg2 b5 17. bxa5 f5 18. f3 Rf7 19. Be3 Bf8 20. Na1 Nxa5 21. a4 b4 22.
Nb3 Nb7 23. Qc2 Ra8 24. Rfc1 Qd5 25. Qc4 Qxc4 26. Rxc4 Rc7 27. Rbc1 Rxa4 28.
Nxc5 Ra2 29. Kf2 f4 30. gxf4 exf4 31. Bd4 Nd6 32. Rxb4 Nf5 33. Nb3 Rxc1 34. Nxc1
Rc2 35. Rc4 Rxc4 36. dxc4 Nxd4 37. e3 Nc2 38. exf4 Na3 39. Nd3 Nxc4 40. Kg3 Ne3
41. Ne5 Kg7 42. Nd3 Bd6 43. Kf2 Nd5 44. Kg3 Kf6 0-1

[Event "Dutch Open 2014"]
[Site "Dieren NED"]
[Date "2014.07.28"]
[Round "6.3"]
[White "Das, Arghyadip"]
[Black "Pruijssers, Roeland"]
[Result "1-0"]
[WhiteTitle "IM"]
[BlackTitle "GM"]
[WhiteElo "2439"]
[BlackElo "2517"]
[WhiteFideId "5003610"]
[BlackFideId "1013068"]
[EventDate "2014.07.22"]

1. e4 e5 2. Nf3 Nc6 3. d4 exd4 4. Nxd4 Nf6 5. Nxc6 bxc6 6. Qe2 Bc5 7. e5 Nd5 8.
c4 Nb6 9. Qg4 g6 10. Bg5 Be7 11. Bh6 d5 12. Qf3 Bg5 13. Bg7 Rg8 14. Bf6 Bxf6 15.
exf6 Bf5 16. Nc3 Qxf6 17. cxd5 Qe5+ 18. Be2 cxd5 19. O-O Kf8 20. Rfe1 Re8 21.
Bf1 Qxe1 22. Rxe1 Rxe1 23. Nxd5 Nxd5 24. Qxd5 Kg7 25. g4 Bc8 26. Qd4+ f6 27.
Qxa7 Bxg4 28. Qxc7+ Kh8 29. Kg2 Rge8 30. Qf7 R1e7 31. Qxf6+ Kg8 32. Bb5 Bd7 33.
Bxd7 Rxd7 34. Qc6 Ree7 35. b4 Rd2 36. Qc8+ Kf7 37. Qc4+ Ke8 38. a4 Rf7 39. Qc8+
Rd8 40. Qc6+ Kf8 41. b5 Kg8 42. Qc3 Rdf8 43. Qb3 h5 44. a5 Kh7 45. Qb2 Rf5 46.
a6 Ra8 47. Qd2 Rf7 48. Qe2 Rb8 49. Qe5 Ra8 50. Qd5 Rfa7 51. Qc4 Rb8 52. Qc5 Rba8
53. h4 Rf7 54. Qd5 Rfa7 55. Kg3 Rb8 56. Qc5 Rba8 57. Qa3 Rb8 58. Qa5 Rba8 59. f3
Kh6 60. Qd2+ Kh7 61. Qf4 Rd7 62. Qf6 Rda7 63. Kf2 Rb8 64. Qc6 Rba8 65. Ke3 Kh6
66. Kd4 1-0

[Event "Dutch Open 2014"]
[Site "Dieren NED"]
[Date "2014.07.28"]
[Round "6.4"]
[White "Van Foreest, Jorden"]
[Black "Ernst, Sipke"]
[Result "1-0"]
[WhiteTitle "FM"]
[BlackTitle "GM"]
[WhiteElo "2461"]
[BlackElo "2554"]
[WhiteFideId "1039784"]
[BlackFideId "1004689"]
[EventDate "2014.07.22"]

1. e4 e5 2. Nf3 Nc6 3. d4 exd4 4. Nxd4 Nf6 5. Nc3 Bc5 6. Be3 Bb6 7. Qd2 O-O 8.
O-O-O Re8 9. f3 d5 10. exd5 Nxd5 11. Bg5 Nde7 12. Nxc6 Qxd2+ 13. Bxd2 Nxc6 14.
Nd5 Be6 15. Nxb6 axb6 16. a3 Ne7 17. Bd3 c6 18. Rhe1 b5 19. Re2 Nd5 20. Rde1
Red8 21. h3 b4 22. Bxb4 Nf4 23. Rd2 Nxd3+ 24. Rxd3 Rxd3 25. cxd3 Rd8 26. Kc2 h5
27. Kc3 Rd5 28. d4 Kh7 29. Bc5 g5 30. a4 g4 31. hxg4 hxg4 32. fxg4 Rg5 33. g3
Rxg4 34. Re3 Bd5 35. Kb4 Re4 36. Rxe4 Bxe4 37. Bd6 Kg6 38. Kc5 Bc2 39. a5 Bd3
40. Kb6 Ba6 41. b4 1-0

[Event "Dutch Open 2014"]
[Site "Dieren NED"]
[Date "2014.07.28"]
[Round "6.5"]
[White "Sowray, Peter J"]
[Black "Stany, G.A."]
[Result "1-0"]
[WhiteTitle "FM"]
[BlackTitle "IM"]
[WhiteElo "2325"]
[BlackElo "2399"]
[WhiteFideId "400971"]
[BlackFideId "5029104"]
[EventDate "2014.07.22"]

1. d4 Nf6 2. c4 e6 3. Nc3 Bb4 4. e3 O-O 5. Ne2 Re8 6. a3 Bf8 7. Ng3 d5 8. Be2 b6
9. cxd5 exd5 10. O-O Bb7 11. b4 g6 12. Bb2 h5 13. Bf3 Nbd7 14. Qb3 h4 15. Nge2
Ne4 16. Rad1 Ndf6 17. Nf4 Nxc3 18. Bxc3 Ne4 19. Bb2 Qg5 20. Ne2 a6 21. Nc3 Nf6
22. h3 Rad8 23. a4 Qf5 24. b5 a5 25. Ba3 Bh6 26. Rfe1 g5 27. Qb1 Qe6 28. Rc1 g4
29. hxg4 Nxg4 30. Qd3 f5 31. Ne2 Rd7 32. Rc3 Rg7 33. Rec1 h3 34. Bxg4 Rxg4 35.
g3 c5 36. dxc5 d4 37. Nxd4 Qg6 38. c6 Rxg3+ 39. Kh1 Rg2 40. Qc4+ Kh8 41. Qf1 Bc8
42. Nf3 f4 43. Bb2 Bg7 44. exf4 Bxc3 45. Rxc3 Kh7 46. Ng5+ Kg8 47. Qc4+ Kf8 48.
Rc1 Qf5 49. Qc3 Rxg5 50. fxg5 Qd5+ 51. f3 Re5 52. Rg1 Kg8 53. c7 Rxg5 54. Qh8+
Kf7 55. Qf6+ Ke8 56. Re1+ 1-0

[Event "Dutch Open 2014"]
[Site "Dieren NED"]
[Date "2014.07.28"]
[Round "6.6"]
[White "Wiersma, Eelke"]
[Black "Saravanan, V."]
[Result "1-0"]
[WhiteTitle "IM"]
[BlackTitle "IM"]
[WhiteElo "2354"]
[BlackElo "2320"]
[WhiteFideId "1002864"]
[BlackFideId "5000580"]
[EventDate "2014.07.22"]

1. d4 Nf6 2. c4 g6 3. Nc3 Bg7 4. e4 d6 5. f3 O-O 6. Be3 e5 7. Nge2 c6 8. Qb3
Nbd7 9. O-O-O Qe7 10. Qa3 exd4 11. Nxd4 Nc5 12. Be2 Bd7 13. Rd2 Rfd8 14. Rhd1
Be8 15. Nc2 Bf8 16. e5 Qxe5 17. Bxc5 Bh6 18. Bd4 Qe6 19. Kb1 Bxd2 20. Rxd2 c5
21. Bxf6 Qxf6 22. Nd5 Qh4 23. Nce3 1-0

[Event "Dutch Open 2014"]
[Site "Dieren NED"]
[Date "2014.07.28"]
[Round "6.7"]
[White "Horvath, Csaba"]
[Black "Beerdsen, Thomas"]
[Result "1-0"]
[WhiteTitle "GM"]
[WhiteElo "2542"]
[BlackElo "2260"]
[WhiteFideId "700118"]
[BlackFideId "1030108"]
[EventDate "2014.07.22"]

1. c4 c6 2. d4 d5 3. e3 Nf6 4. Bd3 Nbd7 5. Nf3 e6 6. b3 Bd6 7. Bb2 Qe7 8. Ne5
O-O 9. O-O Ne4 10. f3 Nec5 11. Bc2 f6 12. Ng4 Na6 13. a3 dxc4 14. bxc4 e5 15. f4
exf4 16. exf4 Re8 17. Nc3 Nf8 18. Ne4 Be6 19. Ngxf6+ Kh8 20. Nxe8 Rxe8 21. d5
cxd5 22. Nxd6 Qxd6 23. f5 1-0

[Event "Dutch Open 2014"]
[Site "Dieren NED"]
[Date "2014.07.28"]
[Round "6.8"]
[White "Von Meijenfeldt, Bart"]
[Black "Zwirs, Nico"]
[Result "0-1"]
[WhiteElo "2331"]
[BlackElo "2284"]
[WhiteFideId "1032259"]
[BlackFideId "1036432"]
[EventDate "2014.07.22"]

1. e4 c5 2. Nf3 e6 3. d4 cxd4 4. Nxd4 Nc6 5. Nc3 Qc7 6. Be3 a6 7. Qd2 Nf6 8.
O-O-O Be7 9. f3 b5 10. g4 Nxd4 11. Bxd4 Bb7 12. h4 b4 13. Ne2 e5 14. Bf2 d5 15.
Ng3 O-O-O 16. exd5 Nxd5 17. Bd3 Qa5 18. a3 g6 19. Kb1 Nc3+ 20. bxc3 bxc3 21. Qe3
Qxa3 22. Qb6 Bb4 0-1

[Event "Dutch Open 2014"]
[Site "Dieren NED"]
[Date "2014.07.28"]
[Round "6.9"]
[White "Maris, Ivo"]
[Black "Kolbus, Dietmar"]
[Result "1/2-1/2"]
[BlackTitle "IM"]
[WhiteElo "2178"]
[BlackElo "2303"]
[WhiteFideId "1028146"]
[BlackFideId "4610628"]
[EventDate "2014.07.22"]

1. g3 d5 2. Bg2 c6 3. Nf3 g6 4. O-O Bg7 5. d3 e5 6. e4 Ne7 7. Re1 Nd7 8. exd5
cxd5 9. c4 dxc4 10. dxc4 O-O 11. Nc3 Qc7 12. Nd5 Nxd5 13. cxd5 Qd6 14. Nd2 f5
15. Nc4 Qf6 16. b3 b5 17. d6 Rb8 18. Na5 e4 19. Rb1 Rb6 20. Nc6 Bb7 21. Bb2 Qe6
22. Nd4 Qf7 23. Qe2 a6 24. Rbc1 Rxd6 25. Rc7 Ba8 26. Rd1 Rd8 27. g4 fxg4 28.
Qxg4 Be5 29. Ne6 Rxd1+ 30. Qxd1 Qxe6 31. Bxe5 Qxe5 32. Rxd7 Rxd7 33. Qxd7 Bd5
34. Qc8+ Kg7 35. Qxa6 b4 36. Qa7+ Bf7 37. Qe3 Qa1+ 38. Bf1 Qxa2 39. Qd4+ Kg8 40.
Qd8+ Kg7 41. Qd4+ Kg8 42. Qd8+ Kg7 1/2-1/2

[Event "Dutch Open 2014"]
[Site "Dieren NED"]
[Date "2014.07.28"]
[Round "6.10"]
[White "Afek, Yochanan"]
[Black "Kazarian, Anna-Maja"]
[Result "1-0"]
[WhiteTitle "IM"]
[BlackTitle "WFM"]
[WhiteElo "2298"]
[BlackElo "2025"]
[WhiteFideId "2800462"]
[BlackFideId "1033689"]
[EventDate "2014.07.22"]

1. Nf3 d5 2. g3 Nf6 3. Bg2 e6 4. O-O c5 5. c4 d4 6. e3 Nc6 7. exd4 cxd4 8. d3
Be7 9. Re1 O-O 10. Na3 Bxa3 11. bxa3 Qa5 12. Rb1 a6 13. Qd2 Qc5 14. Qf4 Nd7 15.
Qh4 Nde5 16. Nxe5 Nxe5 17. Bb2 Nxd3 18. Be4 f5 19. Bxd3 e5 20. f3 Be6 21. Bxd4
Qxa3 22. Rbd1 Bd7 23. Rxe5 Ba4 24. Re7 Rf7 25. Bxf5 Bxd1 26. Qxh7+ Kf8 27. Rxf7+
Kxf7 28. Qxg7+ Ke8 29. Bd7+ 1-0

[Event "Dutch Open 2014"]
[Site "Dieren NED"]
[Date "2014.07.28"]
[Round "6.11"]
[White "Pijpers, Arthur"]
[Black "Bollen, Guus"]
[Result "1-0"]
[WhiteElo "2371"]
[BlackElo "2011"]
[WhiteFideId "1019554"]
[BlackFideId "1027883"]
[EventDate "2014.07.22"]

1. e4 c5 2. Nf3 d6 3. d4 cxd4 4. Nxd4 Nf6 5. Nc3 a6 6. Bg5 Nbd7 7. Bc4 Qb6 8.
Bb3 Nc5 9. Bxf6 Nxb3 10. cxb3 gxf6 11. Nd5 Qa7 12. Nc7+ Kd8 13. Nxa8 Qxa8 14.
Qh5 Ke8 15. Rc1 Bd7 16. O-O e6 17. Rc7 Be7 18. Rfc1 Qb8 19. a4 1-0

[Event "Dutch Open 2014"]
[Site "Dieren NED"]
[Date "2014.07.28"]
[Round "6.12"]
[White "Goudriaan, Etienne"]
[Black "Vogel, Jaap"]
[Result "1/2-1/2"]
[WhiteTitle "IM"]
[BlackTitle "FM"]
[WhiteElo "2401"]
[BlackElo "2209"]
[WhiteFideId "1021150"]
[BlackFideId "1000764"]
[EventDate "2014.07.22"]

1. c4 e6 2. Nc3 Bb4 3. Qb3 a5 4. a3 Bxc3 5. Qxc3 Nf6 6. d4 O-O 7. Bg5 d6 8. Nf3
Nbd7 9. Nd2 e5 10. e4 Qe8 11. d5 h6 12. Bh4 Nh5 13. f3 Nc5 14. Bf2 a4 15. g3 Bd7
16. Be2 f6 17. f4 exf4 18. Bxc5 dxc5 19. g4 f5 20. gxh5 fxe4 21. Rg1 Rf7 22.
O-O-O f3 23. Bxf3 exf3 24. Nxf3 Qe4 25. Rde1 Qf5 26. Nd2 b6 27. Rg6 Re8 28. Reg1
Qe5 29. Qxe5 Rxe5 30. Rxh6 Rfe7 31. Nf3 Re3 32. Nd2 R3e5 33. Nf3 Re3 34. Nd2
R3e5 1/2-1/2

[Event "Dutch Open 2014"]
[Site "Dieren NED"]
[Date "2014.07.28"]
[Round "6.13"]
[White "Beukema, Stefan"]
[Black "Losekoot, Pascal"]
[Result "0-1"]
[WhiteTitle "FM"]
[WhiteElo "2305"]
[BlackElo "2114"]
[WhiteFideId "1024523"]
[BlackFideId "1012410"]
[EventDate "2014.07.22"]

1. e4 c5 2. Nf3 e6 3. d4 cxd4 4. Nxd4 a6 5. c4 Qc7 6. Nc3 Nf6 7. Be2 Be7 8. O-O
d6 9. Be3 Nbd7 10. Rc1 b6 11. f3 Bb7 12. Qe1 O-O 13. Qf2 Rab8 14. Rfd1 Rfe8 15.
b4 Bf8 16. Nb3 Ba8 17. c5 dxc5 18. Bxa6 Qa7 19. Bf1 cxb4 20. Nb5 Qa4 21. Nc7
Red8 22. Bb5 Qa7 23. Nd4 Nc5 24. Nxa8 Rxa8 25. Nc6 Rxd1+ 26. Rxd1 Qxa2 27. Qxa2
Rxa2 28. Rd8 h6 29. Bxc5 bxc5 30. Ne7+ Kh7 31. Rxf8 b3 32. e5 Ne4 33. fxe4 b2
34. Bd3 c4 35. Bc2 Ra1+ 36. Kf2 Rc1 37. Rb8 Rxc2+ 38. Ke3 Rc3+ 39. Kd2 Rb3 0-1

[Event "Dutch Open 2014"]
[Site "Dieren NED"]
[Date "2014.07.28"]
[Round "6.14"]
[White "Chalmeta Ugas, Ramon"]
[Black "Tromp, Pieter"]
[Result "0-1"]
[WhiteTitle "FM"]
[WhiteElo "2292"]
[BlackElo "2127"]
[WhiteFideId "2256339"]
[BlackFideId "1026402"]
[EventDate "2014.07.22"]

1. e4 c5 2. Nf3 Nf6 3. Nc3 Nc6 4. g3 g6 5. Bg2 Bg7 6. O-O O-O 7. h3 e6 8. Kh2 d5
9. d3 d4 10. Ne2 e5 11. Nh4 Nh5 12. Bd2 Nf4 13. Nxf4 exf4 14. Qc1 fxg3+ 15. fxg3
Ne5 16. Bh6 Be6 17. Qf4 f6 18. Bxg7 Kxg7 19. Nf3 Qc7 20. Rf2 Rf7 21. Raf1 Raf8
22. a3 g5 23. Qd2 h5 24. c3 h4 25. Nxe5 hxg3+ 26. Kxg3 Qxe5+ 27. Kf3 Rh8 28. Rh1
Rd7 29. c4 b5 30. b3 bxc4 31. bxc4 Rh4 32. Ke2 Rb7 33. Rhf1 Qb8 34. Rc1 Bxh3 35.
Bxh3 Rxh3 36. Rg2 Rb2 37. Rc2 Rxc2 38. Qxc2 Rh2 39. Kf1 Rh1+ 40. Rg1 Qf4+ 41.
Kg2 Rh2# 0-1

[Event "Dutch Open 2014"]
[Site "Dieren NED"]
[Date "2014.07.28"]
[Round "6.15"]
[White "Struik, Tjapko"]
[Black "Lecomte, Robin"]
[Result "1-0"]
[WhiteElo "2292"]
[BlackElo "2056"]
[WhiteFideId "1011243"]
[BlackFideId "1037170"]
[EventDate "2014.07.22"]

1. d4 d5 2. Nf3 Nf6 3. c4 c6 4. e3 e6 5. Bd3 dxc4 6. Bxc4 b5 7. Bb3 Bb7 8. O-O
Nbd7 9. Nc3 Be7 10. Re1 O-O 11. e4 b4 12. Nb1 c5 13. e5 Nd5 14. Qd3 cxd4 15. Bc2
g6 16. Bh6 Re8 17. Nbd2 Rc8 18. Rac1 Qb6 19. Nc4 Qa6 20. Bb3 Nc5 21. Qxd4 Nxb3
22. axb3 Nb6 23. Ra1 Qb5 24. Nd6 Bxd6 25. exd6 e5 26. Nxe5 Qc5 27. Qxc5 Rxc5 28.
d7 Rb8 29. Nd3 1-0

[Event "Dutch Open 2014"]
[Site "Dieren NED"]
[Date "2014.07.28"]
[Round "6.16"]
[White "Van Osch, Mees"]
[Black "Mostertman, Milan"]
[Result "0-1"]
[BlackTitle "FM"]
[WhiteElo "2200"]
[BlackElo "2284"]
[WhiteFideId "1035967"]
[BlackFideId "1025848"]
[EventDate "2014.07.22"]

1. e4 e5 2. Nf3 Nc6 3. d4 exd4 4. Nxd4 Bc5 5. Nb3 Bb6 6. Nc3 Nf6 7. Qe2 O-O 8.
Bg5 h6 9. Bh4 d6 10. O-O-O Be6 11. f3 Ne5 12. Kb1 a5 13. Bf2 a4 14. Nd4 Bc4 15.
Qe1 Qe8 16. f4 Bxf1 17. fxe5 Bxd4 18. Bxd4 dxe5 19. Bc5 Bc4 20. Bxf8 Qxf8 21.
Nd5 Bxd5 22. exd5 Qd6 23. Qe2 a3 24. Rhe1 e4 25. Qb5 Ra6 26. Qxb7 Rb6 27. Qa8+
Kh7 28. b3 Qe5 29. Qxa3 Nxd5 30. Qb2 Nc3+ 31. Ka1 Qa5 32. Rc1 Ra6 33. a3 Qb4 34.
a4 Rxa4+ 35. bxa4 Qxa4+ 0-1

[Event "Dutch Open 2014"]
[Site "Dieren NED"]
[Date "2014.07.28"]
[Round "6.17"]
[White "Vos, Tjark"]
[Black "Offringa, Joost"]
[Result "1-0"]
[WhiteElo "2130"]
[BlackElo "2241"]
[WhiteFideId "1020870"]
[BlackFideId "1025880"]
[EventDate "2014.07.22"]

1. e4 d6 2. d4 Nf6 3. Nc3 g6 4. f4 Bg7 5. Nf3 O-O 6. Bd3 Nc6 7. O-O e5 8. fxe5
dxe5 9. d5 Ne7 10. Nxe5 c6 11. Bg5 cxd5 12. Bxf6 Qb6+ 13. Kh1 Bxf6 14. Nxd5 Nxd5
15. Nc4 Qc5 16. exd5 Bg7 17. Qf3 b6 18. Nd2 Bb7 19. c4 f5 20. Rab1 a5 21. Nb3
Qd6 22. Qf2 Qf6 23. Nc1 Rfe8 24. Ne2 Bf8 25. g4 Bc5 26. Qg2 Re3 27. Rbd1 f4 28.
Nxf4 Qe5 29. Qd2 Bb4 30. Qc2 Bd6 31. Bxg6 hxg6 32. Qxg6+ Kh8 33. Qh6+ Kg8 34.
Ng2 Re4 35. Rf5 Qxh2+ 36. Qxh2 Bxh2 37. Kxh2 Rxc4 38. Rg5+ Kh8 39. Rh1 Rc7 40.
Kg3+ Rh7 41. Rxh7+ 1-0